| 000 | 01241nam a2200229Ia 4500 | ||
|---|---|---|---|
| 001 | L232-7028 | ||
| 003 | IT-CnALBA | ||
| 008 | 170116s9999||||xx |||||||||||||| ||und|| | ||
| 040 |
_aIT-CnALBA _cIT-CnALBA |
||
| 041 | _aITALIANO | ||
| 100 | _aMACCHI GUIDO, DIACONO | ||
| 245 | 0 | _aMEMENTO MEI. DIARIO EUCARISTICO. | |
| 250 | _a1a ed. | ||
| 260 |
_aMILANO. BA. BOLOGNA _bSALESIANA. SC. TIP. _c1906 [1° Ed.:1906 - Ed.Ling.Originale: 1906] |
||
| 300 | _a148 p. (prefazione: 56) | ||
| 500 | _aOPERA POSTUMA. CENNI BIOGRAFICI. DESIDERIO DI AMICIZIA. DONO DI DIO. SLANCIO VERSO GESÙ. FEDE IN GESÙ. GESÙ PADRONE DEL CUORE. OFFERTA. OBBEDIENZA DI GESÙ NEL SACRAMENTO. POVERTÀ BONTÀ DI GESÙ. EFFUSIONI. PRESEPIO. OLIVETO. CALVARIO. RISURREZIONE. TRISTEZ | ||
| 501 | _aSocietà San Paolo EM - Piazza San Paolo, 14 - 12051 ALBA (CN) (non commercial uses only) ® Copyright 2017 | ||
| 520 | _aOPERA POSTUMA. CENNI BIOGRAFICI. DESIDERIO DI AMICIZIA. DONO DI DIO. SLANCIO VERSO GESÙ. FEDE IN GESÙ. GESÙ PADRONE DEL CUORE. OFFERTA. OBBEDIENZA DI GESÙ NEL SACRAMENTO. POVERTÀ BONTÀ DI GESÙ. EFFUSIONI. PRESEPIO. OLIVETO. CALVARIO. RISURREZIONE. TRISTEZ | ||
| 650 | _aVITA E MISTERO DI CRISTO | ||
| 942 | _cBK | ||
| 957 | _71 | ||
| 999 |
_a8004 _bSI _g Copie: 1 _c266210 _d266210 |
||